Berú iba posty lídrov
Nemecké firmy v potravinárstve na Slovensku. Nemecké investície do cukrovarov Považský cukor v Trenčianskej Teplej a Slovenské cukrovary v Seredi. Mliekarenská skupina Meggle v spoločnosti Rajo, a.s. Bratislava. Investície do výroby horčice (Snico, s. r. o. Bratislava) a v spoločnosti Hubert J. E.,...
Uložené v:
| Hlavný autor: | |
|---|---|
| Médium: | Kapitola |
| Jazyk: | Slovak |
| Predmet: | |
| Tagy: |
Žiadne tagy, Buďte prvý, kto otaguje tento záznam!
|
MARC
| LEADER | 00000naa a2200000 4500 | ||
|---|---|---|---|
| 001 | 0188832 | ||
| 005 | 20231113101437.4 | ||
| 041 | 0 | |a slo | |
| 044 | |a SK | ||
| 245 | 1 | 0 | |a Berú iba posty lídrov |c Ivan Haluza |
| 520 | |a Nemecké firmy v potravinárstve na Slovensku. Nemecké investície do cukrovarov Považský cukor v Trenčianskej Teplej a Slovenské cukrovary v Seredi. Mliekarenská skupina Meggle v spoločnosti Rajo, a.s. Bratislava. Investície do výroby horčice (Snico, s. r. o. Bratislava) a v spoločnosti Hubert J. E., s. r. o. Sereď. | ||
| 610 | 2 | 0 | |a potravinárstvo |
| 610 | 2 | 0 | |a cukor |
| 610 | 2 | 0 | |a cukrovary |
| 610 | 2 | 0 | |a mlieko |
| 610 | 2 | 0 | |a priemysel mliekarský |
| 610 | 2 | 0 | |a nápoje alkoholické |
| 610 | 2 | 0 | |a investori |
| 610 | 2 | 0 | |a investície |
| 610 | 2 | 0 | |a firmy |
| 610 | 2 | 0 | |a tržby |
| 610 | 2 | 0 | |a zisk |
| 610 | 2 | 0 | |a Nemecko |
| 610 | 2 | 0 | |a Slovensko |
| 100 | 1 | |a Haluza, Ivan | |